| 000 | 00449nam a2200181Ia 4500 | ||
|---|---|---|---|
| 003 | LK-CoDNM | ||
| 008 | 010623t1962 xxu||||| |||| 00| 1 sin d | ||
| 040 |
_aLK-CoDNM _dLK-CoDNM _eLK-CoDNM |
||
| 041 | _asin | ||
| 080 | _a133.52 VID | ||
| 100 | _aVidyarathna,Vijayasiri. | ||
| 245 | _aග්රහ බලය-1963 | ||
| 246 | _aGraha Balaya-1963 | ||
| 260 |
_bAuthor _c1962 |
||
| 300 | _b95p., 18 cm | ||
| 650 | _aAstrology | ||
| 942 | _cBK | ||
| 999 |
_c106012 _d106012 |
||